000 00312 a2200133 4500
005 20260317170216.0
020 _a9781913622084
100 _aHOWARD,K
245 _aSymbiosis The Curricullum and Classroom
260 _aWoodbridge
_bJOHN CATT
_c2020
300 _a176p
_c21cm
700 _aHILL,C
942 _2ddc
_cBKS
999 _c6862
_d6862